000 00538nam a2200217Ia 4500
003 OSt
005 20221007101908.0
006 a|||||r|||| 00| 0
007 ta
008 221006b |||||||| |||| 00| 0 eng d
024 _a8,680
037 _cBound Volume
040 _aLCO
_cLCO
_beng
041 _2eng
_aeng
082 _aZm2,N89, M9
245 0 _aCURRENT INDIANSTATUES, 1989 ( Jan.-Dec.)
260 _c1989
650 _aCURRENT INDIAN STATUES
942 _hZm2,N89, M9
_cCR
999 _c1178243
_d1178243